[Event "BCF-ch U13"]
[Site "Coventry"]
[Date "2015.07.29"]
[Round "3"]
[White "Mehta, S Harshil"]
[Black "Sivarajasingam, Shayanna"]
[Result "1/2-1/2"]
[WhiteElo "1345"]
[BlackElo "1689"]
[PlyCount "131"]
[EventDate "2015.07.27"]
[EventType "swiss"]
[EventRounds "7"]
[EventCountry "ENG"]
[SourceTitle "CBM 167 Extra"]
[Source "ChessBase"]
[SourceDate "2015.09.14"]
[SourceVersion "1"]
[SourceVersionDate "2015.09.14"]
[SourceQuality "1"]

1. e4 e6 2. d4 d5 3. Nc3 dxe4 4. Nxe4 Nd7 5. Nf3 Ngf6 6. Bg5 Be7 7. Nxf6+ Nxf6 8. Bd3 0-0 9. Qd2 c5 10. 0-0-0 Qc7 11. Rhe1 a6 12. Re5 c4 13. Bxf6 Bxf6 14. Rc5 Qd6 15. Rxc4 b5 16. Rc3 Bb7 17. Be2 Rfd8 18. Kb1 Rac8 19. Rxc8 Rxc8 20. Qe3 Qc6 21. Bd3 Qd5 22. a3 Rd8 23. h3 Kh8 24. c3 Qh5 25. Be4 Bd5 26. Re1 Bxe4+ 27. Qxe4 Qg6 28. Qxg6 hxg6 29. Ne5 Kg8 30. Ng4 Rd5 31. Nxf6+ gxf6 32. Re4 e5 33. Kc2 Kf8 34. Kd3 Ke7 35. f4 Kd6 36. Ke3 exf4+ 37. Rxf4 f5 38. Rh4 a5 39. Rh8 Ke6 40. Ra8 a4 41. Ra6+ Ke7 42. Ra5 Ke6 43. Kd3 Kd6 44. Ra6+ Ke7 45. c4 bxc4+ 46. Kxc4 Rd6 47. Rxd6 Kxd6 48. Kb4 g5 49. Kxa4 g4 50. hxg4 fxg4 51. Kb5 f5 52. Kc4 f4 53. Kd3 Kd5 54. a4 f3 55. g3 Kd6 56. Ke3 Kd5 57. a5 Kc6 58. a6 Kb6 59. a7 Kxa7 60. b4 Kb6 61. d5 Kb5 62. Kf2 Kb6 63. Ke3 Kc7 64. b5 Kd7 65. b6 Kd6 66. Kf2 1/2-1/2

[Event "BCF-ch U13"]
[Site "Coventry"]
[Date "2015.07.29"]
[Round "4"]
[White "Ragavan, Pramoth"]
[Black "Mehta, S Harshil"]
[Result "1/2-1/2"]
[WhiteElo "1520"]
[BlackElo "1345"]
[PlyCount "59"]
[EventDate "2015.07.27"]
[EventType "swiss"]
[EventRounds "7"]
[EventCountry "ENG"]
[SourceTitle "CBM 167 Extra"]
[Source "ChessBase"]
[SourceDate "2015.09.14"]
[SourceVersion "1"]
[SourceVersionDate "2015.09.14"]
[SourceQuality "1"]

1. d4 d5 2. c4 c6 3. Nc3 Nf6 4. Bg5 e6 5. Nf3 Nbd7 6. e3 Be7 7. Be2 0-0 8. 0-0 b6 9. Rc1 Bb7 10. cxd5 cxd5 11. Qb3 h6 12. Bh4 Rc8 13. Nb5 a6 14. Rxc8 Qxc8 15. Nc3 Qb8 16. Bg3 Bd6 17. Bxd6 Qxd6 18. Ne5 b5 19. Nxd7 Qxd7 20. a4 Bc6 21. axb5 axb5 22. Bxb5 Bxb5 23. Qxb5 Qxb5 24. Nxb5 Rb8 25. Nd6 Rb6 26. Nc8 Rxb2 27. h3 Ne4 28. f3 Nc3 29. Re1 Rd2 30. Nb6 1/2-1/2

[Event "BCF-ch U13"]
[Site "Coventry"]
[Date "2015.07.27"]
[Round "1"]
[White "Mehta, S Harshil"]
[Black "Samworth Calvier, Juju"]
[Result "1/2-1/2"]
[WhiteElo "1345"]
[BlackElo "1607"]
[PlyCount "140"]
[EventDate "2015.07.27"]
[EventType "swiss"]
[EventRounds "7"]
[EventCountry "ENG"]
[SourceTitle "CBM 167 Extra"]
[Source "ChessBase"]
[SourceDate "2015.09.14"]
[SourceVersion "1"]
[SourceVersionDate "2015.09.14"]
[SourceQuality "1"]

1. d4 e6 2. c4 f5 3. Nf3 Nf6 4. Bg5 Bb4+ 5. Nbd2 0-0 6. a3 Bxd2+ 7. Qxd2 d6 8. e3 b6 9. Be2 Bb7 10. 0-0 Qe8 11. Bh4 Nbd7 12. Rfd1 Ne4 13. Qc2 Qg6 14. d5 e5 15. Bd3 Ndc5 16. Nd2 Nxd2 17. Rxd2 Nxd3 18. Qxd3 Qg4 19. Bg3 f4 20. exf4 exf4 21. f3 Qg5 22. Bf2 Rae8 23. Re1 Rxe1+ 24. Bxe1 Qf5 25. Qe4 Qxe4 26. fxe4 Re8 27. Re2 Kf7 28. Bd2 g5 29. Kf2 Bc8 30. h3 Bb7 31. Kf3 Kg6 32. Re1 Kf6 33. Bc3+ Kg6 34. e5 dxe5 35. Rxe5 Rxe5 36. Bxe5 c5 37. Ke4 h6 38. Bb8 a6 39. Ba7 b5 40. cxb5 axb5 41. Bxc5 h5 42. Ke5 Bc8 43. d6 Bd7 44. h4 Bc8 45. b3 Bd7 46. Bb4 f3 47. gxf3 gxh4 48. Be1 h3 49. Bg3 h4 50. Bh2 Kg5 51. Bf4+ Kg6 52. Bh2 Kg5 53. Ke4 Kf6 54. Be5+ Kg5 55. Kd4 Kf5 56. Bh2 Ke6 57. Kc5 Be8 58. Kb4 Bc6 59. Kc5 Bd7 60. Kb4 Bc6 61. Ka5 Be8 62. a4 bxa4 63. bxa4 Bc6 64. Kb4 Bxf3 65. a5 Kd7 66. Kc5 Bg2 67. Kb6 Be4 68. a6 Bf3 69. Ka7 Kc8 70. Kb6 Kd7 1/2-1/2